La novedad del evangelio: homilia del Sr. Cardenal con motivo de la inauguración de la nueva evangelización
Guardado en:
| Autor principal: | |
|---|---|
| Formato: | Libro |
| Lenguaje: | español |
| Publicado: |
Santiago
Arzobispado de Santiago
1989
|
| Colección: | Documentos para la nueva evangelización, 2
|
| Materias: | |
| Etiquetas: |
Agregar Etiqueta
Sin Etiquetas, Sea el primero en etiquetar este registro!
|
MARC
| LEADER | 00000nam a2200000 a 4500 | ||
|---|---|---|---|
| 001 | UCX1465 | ||
| 003 | CL-VaPUC | ||
| 008 | 900827e19890000CL |||||||||||||||||spa|d | ||
| 082 | 0 | 4 | |a 253.7 |b FRE |2 21 |
| 100 | 0 | |a Fresno Larraín, Juan Francisco |e author |9 316965 | |
| 245 | 1 | 3 | |a La novedad del evangelio: homilia del Sr. Cardenal con motivo de la inauguración de la nueva evangelización |
| 300 | |a 14 p | ||
| 942 | |c BK | ||
| 945 | |d 19900827 00:00:00 | ||
| 260 | |a Santiago |b Arzobispado de Santiago |c 1989 | ||
| 650 | 7 | |a EVANGELIZACION |2 CL-VaPUC |9 316966 | |
| 583 | |a last modification |c 19900827 00:00:00 |k Rodrigo Vera | ||
| 490 | 0 | |a Documentos para la nueva evangelización, 2 | |
| 999 | |c 222690 |d 222688 | ||
| 952 | |0 0 |1 0 |4 0 |6 253_700000000000000_FRE_1989 |7 0 |8 A |9 217799 |a BIBTEO |b BIBTEO |d 2019-11-15 |i 2866528 |o 253.7 FRE 1989 |p 2866528 |r 2025-01-17 |w 2019-11-15 |y BK |k ICR | ||